000 00527nam a2200193Ia 4500
008 151119s9999||||xx |||||||||||||| ||und||
082 _a891.463
082 _bGKKV16103
100 _aपांढरीपांडे विजय
245 _aशर्यत
260 _a--
260 _b--
260 _c1998
600 _aपांढरीपांडे विजय
630 _aशर्यत
700 _aपांढरीपांडे विजय
730 _aशर्यत
942 _cBOOK
999 _c1069403
_d1069400